| 000 | 01355cab a2200457 4500 | ||
|---|---|---|---|
| 001 | ABS49728 | ||
| 008 | 090401t1993 xxu||||| |||| 00| 0 eng d | ||
| 035 | _a(Sirsi) u72542 | ||
| 041 | _aeng | ||
| 245 | _aRail-related developments | ||
| 260 | _c1993 | ||
| 350 | _a0 | ||
| 490 |
_aEstates Gazette _v(9344) 6 November 1993, 77-95(14) |
||
| 520 | _aCovers the privatisation of British Rail and any opportunities for developers, CrossRail and alternative routes through London, station retailing, Channel tunnel rail link and a commercial development around Lille station. | ||
| 650 | _aASHFORD | ||
| 650 | _aBRITISH RAIL PROPERTY BOARD | ||
| 650 | _aBRITISH RAIL | ||
| 650 | _aCHANNEL TUNNEL RAIL LINK | ||
| 650 | _aCROSSLINK | ||
| 650 | _aCROSSRAIL | ||
| 650 | _aDEVELOPMENT | ||
| 650 | _aEURALILLE | ||
| 650 | _aFRANCE | ||
| 650 | _aKINGS CROSS | ||
| 650 | _aLEEDS STATION | ||
| 650 | _aLILLE | ||
| 650 | _aLILLE-EUROPE | ||
| 650 | _aLIVERPOOL STREET STATION | ||
| 650 | _aMANCHESTER VICTORIA | ||
| 650 | _aPRIVATISATION | ||
| 650 | _aRAILTRACK | ||
| 650 | _aRAILWAY STATIONS | ||
| 650 | _aRAILWAYS | ||
| 650 | _aST PANCRAS | ||
| 650 | _aTGV | ||
| 650 | _aVECTOR | ||
| 690 | _aPROPERTY-COMMERCIAL PROPERTY-RETAIL PROPERTY | ||
| 690 | _aTRANSPORT AND COMMUNICATIONS | ||
| 942 | _n0 | ||
| 948 | _c04/03/1997 | ||
| 999 |
_c45844 _d45844 |
||